[Event "Vojvodina-chT"]
[Site "Kac"]
[Date "2016.11.21"]
[Round "10.6"]
[White "Radic, Slavko"]
[Black "Ivanovic, Miroslav"]
[Result "1/2-1/2"]
[WhiteElo "2057"]
[BlackElo "2067"]
[PlyCount "132"]
[EventDate "2016.11.15"]
[EventType "team-tourn"]
[EventRounds "11"]
[EventCountry "SRB"]
[SourceTitle "CBM 175 Extra"]
[Source "ChessBase"]
[SourceDate "2016.12.12"]
[SourceVersion "1"]
[SourceVersionDate "2016.12.12"]
[SourceQuality "1"]
[WhiteTeam "Sloga"]
[BlackTeam "Sombor"]
[WhiteTeamCountry "SRB"]
[BlackTeamCountry "SRB"]

1. c4 e6 2. Nf3 d5 3. e3 Nf6 4. Nc3 c5 5. cxd5 exd5 6. d4 Nc6 7. Bb5 Bd6 8. dxc5 Bxc5 9. Ne5 Qd6 10. Nxc6 bxc6 11. Be2 0-0 12. 0-0 Bb6 13. Bf3 Bc7 14. g3 Bh3 15. Re1 Nd7 16. b3 Rad8 17. Bb2 Ne5 18. Bg2 Qe6 19. Ne2 Bg4 20. Nf4 Qe7 21. f3 Bc8 22. Nd3 Ba6 23. Nxe5 Bxe5 24. Bxe5 Qxe5 25. Rc1 Rc8 26. Qd2 c5 27. f4 Qe7 28. Qxd5 Rfd8 29. Qe4 Qxe4 30. Bxe4 c4 31. bxc4 Rxc4 32. Rcd1 Rxd1 33. Rxd1 g6 34. Bd5 Rc2 35. Bb3 Rc7 36. e4 h5 37. Rd6 Bc4 38. Rd2 Bxb3 39. axb3 Rc3 40. Rb2 a5 41. Kf2 Kf8 42. Ke2 h4 43. Kf2 Ke7 44. Kg2 Re3 45. e5 hxg3 46. hxg3 g5 47. Ra2 gxf4 48. gxf4 Ke6 49. Rxa5 Kf5 50. e6+ Kxe6 51. Rb5 Kf6 52. Kf2 Rc3 53. Ke2 Rh3 54. b4 Rb3 55. Rb7 Kf5 56. Rxf7+ Ke4 57. Rb7 Kxf4 58. Kd2 Ke4 59. Kc2 Rh3 60. Rd7 Ke5 61. b5 Ke6 62. Rd4 Rh5 63. Rb4 Kd7 64. Kb3 Kc7 65. Ka4 Kb6 66. Rg4 Rh6 1/2-1/2

[Event "Vojvodina-chT"]
[Site "Kac"]
[Date "2016.11.20"]
[Round "9.6"]
[White "Stankovic, Milos M"]
[Black "Radic, Slavko"]
[Result "0-1"]
[WhiteElo "1816"]
[BlackElo "2057"]
[PlyCount "93"]
[EventDate "2016.11.15"]
[EventType "team-tourn"]
[EventRounds "11"]
[EventCountry "SRB"]
[SourceTitle "CBM 175 Extra"]
[Source "ChessBase"]
[SourceDate "2016.12.12"]
[SourceVersion "1"]
[SourceVersionDate "2016.12.12"]
[SourceQuality "1"]
[WhiteTeam "Banovci Dunav"]
[BlackTeam "Sloga"]
[WhiteTeamCountry "SRB"]
[BlackTeamCountry "SRB"]

1. d4 Nf6 2. c4 e6 3. Nc3 d5 4. cxd5 exd5 5. Bg5 Be7 6. e3 0-0 7. Bd3 c6 8. Nf3 h6 9. Bh4 Nbd7 10. 0-0 Re8 11. Qc2 Nf8 12. a3 Nh5 13. Bxe7 Qxe7 14. b4 Nf6 15. Qb3 Be6 16. Na4 Ne4 17. Nc5 f6 18. Rfc1 Bf7 19. Qb2 Nd6 20. b5 cxb5 21. Bxb5 Nxb5 22. Qxb5 b6 23. Na6 Rac8 24. Nb4 Qb7 25. Qa6 Qd7 26. Ne1 g5 27. Ned3 Ng6 28. a4 Rc4 29. Qb5 Qd6 30. a5 Rec8 31. Rcb1 Ne7 32. axb6 axb6 33. Ra7 Be8 34. Qa6 R4c7 35. Rxc7 Rxc7 36. Qa2 Kg7 37. Qb2 Bg6 38. Rc1 Ra7 39. Rc3 Ra5 40. Qc1 Rb5 41. Na6 Ra5 42. Nc7 Kf7 43. Ne1 Qb4 44. Nd3 Bxd3 45. Rxd3 Ra2 46. Rc3 Rb2 47. Qe1 0-1

[Event "Vojvodina-chT"]
[Site "Kac"]
[Date "2016.11.17"]
[Round "4.6"]
[White "Radanovic, Aleksandar"]
[Black "Radic, Slavko"]
[Result "1-0"]
[WhiteElo "2176"]
[BlackElo "2057"]
[PlyCount "71"]
[EventDate "2016.11.15"]
[EventType "team-tourn"]
[EventRounds "11"]
[EventCountry "SRB"]
[SourceTitle "CBM 175 Extra"]
[Source "ChessBase"]
[SourceDate "2016.12.12"]
[SourceVersion "1"]
[SourceVersionDate "2016.12.12"]
[SourceQuality "1"]
[WhiteTeam "Kraljica PTT"]
[BlackTeam "Sloga"]
[WhiteTeamCountry "SRB"]
[BlackTeamCountry "SRB"]

1. e4 c6 2. c4 e5 3. Nf3 d6 4. d4 Nd7 5. Nc3 Ngf6 6. Be2 h6 7. h3 Qc7 8. Be3 g6 9. Qd2 a6 10. Rc1 Bg7 11. 0-0 g5 12. dxe5 dxe5 13. Rfd1 Nh7 14. c5 Nhf8 15. Na4 Ne6 16. Bc4 0-0 17. Bxe6 fxe6 18. Nb6 Nxb6 19. cxb6 Qf7 20. Qd6 Bf6 21. Nxe5 Qg7 22. Nc4 e5 23. Bc5 Re8 24. Qc7 Be6 25. Qxg7+ Bxg7 26. Nd6 Re7 27. Nb5 axb5 28. Bxe7 Rxa2 29. Rd8+ Kf7 30. Ba3 b4 31. Bxb4 Rxb2 32. Bc5 g4 33. hxg4 Bf6 34. Rb8 Bg5 35. Rxb7+ Kg6 36. Be3 1-0